00811nam a2200229 a 4500001001000000003000900010005001700019007000300036008004100039020001800080040002500098082001500123100003400138245016800172260005400340300002000394490003600414490001800450500006800468504002800536650001700564000016285DO-SdBNP20251113124908.0ta100303s2022 dr a 001 0 spa d a9789945509113 aDO-SdBNPbspacBNPHU axxxbR763d10aRomero Tejada, Marcos Enrique10aRepresentaciones de la identidad dominicana, ciudadanía, políticas sociales y gestión de riesgo en estudiantes universitarios /cMarcos Enrique Romero Tejada aSanto Domingo :bFriedrich Eberto Stiftung,c2022 a24 p. ;c30 cm.1 aDemocracia y derechos humanos ;1 aPerspectiva ; aIncluye datos biográficos del autor en la última página.  aBibliografía p: 20-22 0aCiudadanía